000 00394nam a2200157 a 4500
005 20140414131906.0
008 100624s19uu xx 00 eng d
020 _a
050 _aFIC
_bSt5 2000
100 _aStilton, Geronimo
245 _aLost treasure of the emerald eye.
260 _aNew York :
_bScholastic,
_c2000.
300 _a111
440 _aGeronimo Stilton
999 _c110978
_d110978